000 00447nam a2200145Ia 4500
003 OSt
005 20260116112414.0
008 211028s2013 xx 000 0 und d
040 _cAIMIT LIBRARY
041 _aeng
100 _aFernandes, Dorothy;Amin, Venkatesh.
_g1116039
_96986
245 _aEvaluation of customer perception towards campo chocolates at campo ltd Mangalore /
260 _aMangalore
_bVenkatesh S Amin
_c2013
942 _2ddc
_cPRO
999 _c218556
_d218556